000 00596nam a2200217Ii 4500
003 JO-AjNU
008 230606s9999||||xx |||||||||||||| ||und||
020 _a434-91577-7
040 _aJO-AjNU
_beng
_erda
_cJO-AjNU
041 _aeng
050 1 4 _aHD30.5.P643.1978
100 3 _aPollaed,Harold R,
_eauthor
_92854
245 0 0 _aFURTHER DEVELOPMENTS IN MANAGEMENT THOUGHT
250 _a1 ed
264 3 1 _aLONDON:HEINEMANN1978
300 _a320p
336 _atext
_btxt
_2rdacontent
337 _aunmediated
_bn
_2rdamedia
338 _avolume
_bnc
_2rdacarrier
650 4 _a MANAGEMENT
_92855
999 _aE1495
_c1495
_d1495